[Event "GMI w Condom 2010"]
[Site "Condom"]
[Date "2010.??.??"]
[Round "5.4"]
[White "Rubio Mejia, Luis Ignacio"]
[Black "Guichard, Pauline"]
[Result "1-0"]
[WhiteElo "2354"]
[BlackElo "2320"]
[PlyCount "72"]
[EventDate "2010.07.??"]
[EventType "tourn"]
[EventCountry "FRA"]
[WhiteTeamCountry "FRA"]
[BlackTeamCountry "FRA"]

1. d4 Nf6 2. c4 e6 3. Nc3 Bb4 4. Bg5 c5 5. d5 h6 6. Bh4 d6 7. e3 e5 8. Qc2 g5
9. Bg3 e4 10. a3 Bxc3+ 11. Qxc3 Qe7 12. h4 g4 13. h5 Bf5 14. Ne2 Nbd7 15. Bf4
Ne5 16. Ng3 Bd7 17. Be2 Rb8 18. a4 Kf8 19. O-O Rg8 20. Rfc1 Nf3+ 21. Kf1 Nh4
22. b4 b6 23. bxc5 bxc5 24. Bxh6+ Ke8 25. Rcb1 Ra8 26. Rb7 Qd8 27. Bf4 Bc8 28.
Rb2 Nf5 29. h6 Nxg3+ 30. fxg3 Ke7 31. Rab1 Qc7 32. Kf2 Qd7 33. Rh1 Qf5 34. Qa5
Ne8 35. Rh4 Qf6 36. Rb1 Rh8 {suite illisible} 1-0

[Event "GMI w Condom 2010"]
[Site "Condom"]
[Date "2010.??.??"]
[Round "7.3"]
[White "Rubio Mejia, Luis Ignacio"]
[Black "Hamdouchi, Adina-Maria"]
[Result "1-0"]
[WhiteElo "2354"]
[BlackElo "2319"]
[PlyCount "153"]
[EventDate "2010.07.??"]
[EventType "tourn"]
[EventCountry "FRA"]
[WhiteTeamCountry "FRA"]
[BlackTeamCountry "FRA"]

1. d4 Nf6 2. c4 g6 3. Nc3 Bg7 4. e4 d6 5. Nf3 O-O 6. Be2 e5 7. O-O Na6 8. d5
Nc5 9. Qc2 a5 10. Bg5 h6 11. Be3 b6 12. Nd2 Ng4 13. Bxg4 Bxg4 14. a3 a4 15.
Bxc5 bxc5 16. Nxa4 h5 17. Nc3 Bh6 18. Nb5 Rb8 19. Nb3 Qg5 20. f3 Bd7 21. Na5
Bxb5 22. cxb5 Rxb5 23. Nc4 Rfb8 24. Kh1 h4 25. Rf2 Qf6 26. a4 Rb4 27. a5 h3 28.
g3 Kg7 29. Ra3 Kg8 30. Rf1 Qg5 31. Rc3 Qf6 32. Qe2 Ra8 33. Ra1 Qd8 34. Qc2 Qb8
35. Kg1 Qb5 36. Ra2 Kg7 37. Kf2 Bg5 38. Ke1 Ra6 39. Kf2 Ra8 40. Ke1 Ra6 41. b3
Ra8 42. Qd3 Rb8 43. Ra3 Ra8 44. Kd1 Ra6 45. Kc2 Ra8 46. Ra1 Bh6 47. Qf1 Rb8 48.
Ra3 Qd7 49. Rd3 Qb5 50. Rc3 Qd7 51. Qd3 Qb5 52. Kb2 Qd7 53. Rc2 Qb5 54. Ka2 Ra8
55. Qc3 f6 56. Rf2 Qd7 57. Kb2 Rab8 58. Kc2 Kg8 59. f4 exf4 60. gxf4 Qe7 61.
Qd3 f5 62. exf5 Bg7 63. fxg6 Qf6 64. Kb1 Re8 65. Raa2 Re1+ 66. Kc2 Ra1 67. Rxa1
Qxa1 68. Rf3 Qa2+ 69. Kd1 Qa1+ 70. Ke2 Qa2+ 71. Nd2 Rd4 72. Qe3 Kf8 73. f5 Be5
74. f6 c4 75. Qh6+ Ke8 76. f7+ Kd7 77. Qxh3+ 1-0

[Event "Mulhouse 2010 - GM"]
[Site "Mulhouse"]
[Date "2010.??.??"]
[Round "1.3"]
[White "Rusev, Krasimir"]
[Black "Georgiev, Vladimir"]
[Result "1/2-1/2"]
[WhiteElo "2553"]
[BlackElo "2566"]
[PlyCount "24"]
[EventDate "2010.07.??"]
[EventType "tourn"]
[EventRounds "9"]
[EventCountry "FRA"]
[EventCategory "13"]
[WhiteTeamCountry "FRA"]
[BlackTeamCountry "FRA"]

1. d4 d5 2. c4 dxc4 3. e3 e5 4. Bxc4 exd4 5. exd4 Nf6 6. Nf3 Be7 7. O-O O-O 8.
h3 Bf5 9. Nc3 Nbd7 10. Re1 Nb6 11. Bb3 h6 12. Ne5 c6 1/2-1/2

[Event "Condom op 10th"]
[Site "Condom"]
[Date "2010.??.??"]
[Round "1.8"]
[White "Samolins, Vitalijs"]
[Black "Grezels, Florian"]
[Result "1-0"]
[WhiteElo "2408"]
[BlackElo "1857"]
[PlyCount "70"]
[EventDate "2010.07.??"]
[EventType "swiss"]
[EventRounds "9"]
[EventCountry "FRA"]
[WhiteTeamCountry "FRA"]
[BlackTeamCountry "FRA"]

1. e4 d6 2. d4 Nf6 3. Nc3 Nbd7 4. Nf3 e5 5. Bc4 Be7 6. O-O O-O 7. a4 a5 8. Re1
c6 9. h3 Qc7 10. Bg5 Re8 11. Bh4 h6 12. Bg3 Bf8 13. Bb3 Nb6 14. Qd2 Bd7 15. Qe3
exd4 16. Nxd4 Nbd5 17. Nxd5 cxd5 18. e5 dxe5 19. Bxe5 Bd6 20. Bxd6 Qxd6 21. Qd3
Ne4 22. Nf3 Re7 23. Rad1 Rae8 24. Re3 Ng5 25. Qxd5 Qxd5 26. Bxd5 Rxe3 27. fxe3
Rxe3 28. Bxb7 Bxa4 29. Ra1 Bd7 30. Rxa5 Re7 31. Bd5 Be6 32. Bc6 Bc4 33. b3 Re1+
34. Kh2 Bf1 35. h4 Ne6 1-0

[Event "Condom op 10th"]
[Site "Condom"]
[Date "2010.??.??"]
[Round "5.6"]
[White "Samolins, Vitalijs"]
[Black "Lacroix, Romain"]
[Result "1-0"]
[WhiteElo "2408"]
[BlackElo "2157"]
[PlyCount "75"]
[EventDate "2010.07.??"]
[EventType "swiss"]
[EventRounds "9"]
[EventCountry "FRA"]
[WhiteTeamCountry "FRA"]
[BlackTeamCountry "FRA"]

1. e4 e5 2. d4 exd4 3. Nf3 Bb4+ 4. c3 dxc3 5. Nxc3 Nc6 6. Bc4 Nf6 7. e5 d5 8.
exf6 dxc4 9. Qxd8+ Nxd8 10. fxg7 Rg8 11. Bf4 Ne6 12. Be5 Bd7 13. O-O-O Bxc3 14.
Bxc3 Nxg7 15. Rhe1+ Ne6 16. g3 O-O-O 17. Ne5 Nc5 18. Nxf7 Nd3+ 19. Rxd3 cxd3
20. Nxd8 Rxd8 21. Kd2 Bf5 22. Re5 Rf8 23. f3 Bg6 24. Ke3 Rf5 25. Rxf5 Bxf5 26.
g4 Be6 27. b3 Bd5 28. f4 Kd7 29. f5 Bg2 30. h4 c5 31. g5 Ke7 32. h5 Bh3 33. Kf4
Kf7 34. g6+ hxg6 35. fxg6+ Ke6 36. h6 d2 37. Bxd2 Kf6 38. h7 1-0

[Event "Condom op 10th"]
[Site "Condom"]
[Date "2010.??.??"]
[Round "3.5"]
[White "Sanchez, Nicolas"]
[Black "Daskevics, Vadims"]
[Result "0-1"]
[WhiteElo "2162"]
[BlackElo "2414"]
[PlyCount "78"]
[EventDate "2010.07.??"]
[EventType "swiss"]
[EventRounds "9"]
[EventCountry "FRA"]
[WhiteTeamCountry "FRA"]
[BlackTeamCountry "FRA"]

1. d4 Nf6 2. c4 c5 3. d5 b5 4. Nd2 bxc4 5. e4 c3 6. bxc3 g6 7. Ngf3 Bg7 8. Rb1
O-O 9. Bd3 d6 10. h3 Nbd7 11. Qc2 Nb6 12. O-O Bd7 13. Bb5 e6 14. c4 Re8 15. Re1
exd5 16. Bxd7 Qxd7 17. cxd5 Rab8 18. Bb2 Qc8 19. a4 Qa6 20. Ra1 Re7 21. Bc3
Rbe8 22. Qb2 Nbd7 23. g4 h6 24. Kg2 Rb8 25. Qc2 Nf8 26. Rab1 Reb7 27. Rxb7 Rxb7
28. a5 g5 29. Nf1 Ng6 30. Ng3 Nf4+ 31. Kh2 Qc4 32. Nf5 Rb3 33. Re3 Qf1 34. Ne1
Rxc3 35. Rxc3 Qxe1 36. Re3 Qf1 37. Rg3 Nd7 38. Qd2 Ne2 39. Rg2 Be5+ 0-1

[Event "Condom op 10th"]
[Site "Condom"]
[Date "2010.??.??"]
[Round "1.18"]
[White "Sanchez, Nicolas"]
[Black "Vuillemard, Jean Marc"]
[Result "1-0"]
[WhiteElo "2162"]
[BlackElo "1777"]
[PlyCount "49"]
[EventDate "2010.07.??"]
[EventType "swiss"]
[EventRounds "9"]
[EventCountry "FRA"]
[WhiteTeamCountry "FRA"]
[BlackTeamCountry "FRA"]

1. d4 Nf6 2. Nf3 e6 3. c4 b6 4. g3 Bb7 5. Bg2 Bb4+ 6. Bd2 Qe7 7. O-O Bxd2 8.
Qxd2 O-O 9. Nc3 d5 10. cxd5 Nxd5 11. Rac1 Rc8 12. Ne5 f6 13. Nd3 Nd7 14. Nf4 c6
15. Bh3 Nf8 16. Ncxd5 exd5 17. Bxc8 Rxc8 18. Rc3 Qf7 19. h4 Rc7 20. Kg2 g5 21.
hxg5 fxg5 22. Nd3 Qf5 23. Ne5 Ne6 24. Qd3 Nf4+ 25. gxf4 1-0

[Event "Mulhouse 2010 - IM"]
[Site "Mulhouse"]
[Date "2010.??.??"]
[Round "7.5"]
[White "Sanduleac, Vasile"]
[Black "Genov, Petar"]
[Result "1/2-1/2"]
[WhiteElo "2457"]
[BlackElo "2438"]
[PlyCount "21"]
[EventDate "2010.07.??"]
[EventType "tourn"]
[EventCountry "FRA"]
[EventCategory "4"]
[WhiteTeamCountry "FRA"]
[BlackTeamCountry "FRA"]

1. c4 Nf6 2. Nc3 c5 3. g3 g6 4. Bg2 Bg7 5. Nf3 O-O 6. d4 d6 7. dxc5 dxc5 8. Be3
Be6 9. Bxc5 Nfd7 10. Be3 Bxc4 11. Nd4 1/2-1/2

[Event "Mulhouse 2010 - IM"]
[Site "Mulhouse"]
[Date "2010.??.??"]
[Round "4.1"]
[White "Sanduleac, Vasile"]
[Black "Nass, Emile"]
[Result "1-0"]
[WhiteElo "2457"]
[BlackElo "2247"]
[PlyCount "87"]
[EventDate "2010.07.??"]
[EventType "tourn"]
[EventCountry "FRA"]
[EventCategory "4"]
[WhiteTeamCountry "FRA"]
[BlackTeamCountry "FRA"]

1. e4 e6 2. Qe2 Be7 3. Nf3 d5 4. d3 Nf6 5. g3 dxe4 6. dxe4 b6 7. Bg2 O-O 8. O-O
Ba6 9. c4 Nfd7 10. Rd1 c5 11. Nc3 Bb7 12. Bf4 Qc8 13. Nb5 a6 14. Nd6 Bxd6 15.
Bxd6 Re8 16. e5 Nc6 17. Rd2 Ne7 18. Bxe7 Rxe7 19. Rad1 Ra7 20. Rd6 Bc6 21. Qd3
Bxf3 22. Qxf3 Nxe5 23. Qe4 Nd7 24. Qc6 Qc7 25. Qxc7 Rxc7 26. Rxb6 g5 27. Rxa6
Ne5 28. b3 Ra7 29. Rxa7 Rxa7 30. Rd2 g4 31. Kf1 Kg7 32. Ke2 Ra6 33. h3 h5 34.
hxg4 hxg4 35. Kd1 f5 36. Kc1 Nf3 37. Bxf3 gxf3 38. a4 e5 39. Rd5 Kf6 40. Rxc5
Rd6 41. Rd5 Rb6 42. Kc2 e4 43. c5 Re6 44. Kd2 1-0

[Event "Mulhouse 2010 - IM"]
[Site "Mulhouse"]
[Date "2010.??.??"]
[Round "2.3"]
[White "Sanduleac, Vasile"]
[Black "Riff, Vincent"]
[Result "1/2-1/2"]
[WhiteElo "2457"]
[BlackElo "2332"]
[PlyCount "73"]
[EventDate "2010.07.??"]
[EventType "tourn"]
[EventCountry "FRA"]
[EventCategory "4"]
[WhiteTeamCountry "FRA"]
[BlackTeamCountry "FRA"]

1. e4 c5 2. Nf3 Nc6 3. Bb5 Nf6 4. Bxc6 dxc6 5. d3 g6 6. h3 Bg7 7. Nc3 O-O 8.
Be3 b6 9. Qc1 Re8 10. Bf4 Nd7 11. Bh6 e5 12. h4 f6 13. Bxg7 Kxg7 14. Nh2 Nf8
15. Qd2 Be6 16. Qe3 Qe7 17. f4 exf4 18. Qxf4 Rad8 19. O-O-O Qd6 20. g3 Qxf4+
21. gxf4 c4 22. dxc4 Bxc4 23. Rxd8 Rxd8 24. Ng4 Ne6 25. f5 Nf4 26. e5 Nh5 27.
fxg6 hxg6 28. exf6+ Nxf6 29. Ne5 Be6 30. Nxc6 Rd7 31. Rd1 Rxd1+ 32. Kxd1 a5 33.
Nd4 Bd7 34. Nce2 Kh6 35. Kd2 g5 36. hxg5+ Kxg5 37. Kd3 1/2-1/2

[Event "2eme Open Tarn Nord"]
[Site "Blaye les Mines"]
[Date "2010.??.??"]
[Round "2.2"]
[White "Saunders, Mark A"]
[Black "Auge, Jean"]
[Result "1/2-1/2"]
[WhiteElo "1860"]
[BlackElo "1941"]
[PlyCount "104"]
[EventDate "2006.??.??"]
[EventType "swiss"]
[EventRounds "7"]
[EventCountry "FRA"]
[WhiteTeamCountry "FRA"]
[BlackTeamCountry "FRA"]

1. e4 d5 2. exd5 Qxd5 3. Nc3 Qa5 4. d4 Nf6 5. Bd2 Bg4 6. Be2 Bxe2 7. Qxe2 Nbd7
8. Nf3 c6 9. O-O e6 10. Rfe1 Qh5 11. Bf4 Bb4 12. Bd2 O-O 13. a3 Bd6 14. Ne5
Qxe2 15. Rxe2 Nb6 16. Ne4 Nxe4 17. Rxe4 Bxe5 18. dxe5 Rfd8 19. Bb4 Rd7 20. Kf1
Rad8 21. Ke2 Nc8 22. Re3 b6 23. Rd3 c5 24. Rxd7 Rxd7 25. Bd2 Ne7 26. b4 Nc6 27.
f4 Nd4+ 28. Kd1 cxb4 29. axb4 h6 30. Ra3 Kf8 31. Rd3 Ke8 32. c4 Nc6 33. Kc2
Rxd3 34. Kxd3 h5 35. b5 Ne7 36. h3 Kd7 37. Bb4 Nc8 38. g4 hxg4 39. hxg4 g6 40.
Kd4 Kc7 41. Ke4 Kb7 42. c5 bxc5 43. Bxc5 a6 44. bxa6+ Kxa6 45. Kd4 Kb5 46. Bd6
Nb6 47. Ba3 Nd5 48. f5 Nb4 49. Ke4 gxf5+ 50. gxf5 Nc2 51. Bd6 Kc4 52. fxe6 fxe6
1/2-1/2

[Event "2eme Open Tarn Nord"]
[Site "Blaye les Mines"]
[Date "2010.??.??"]
[Round "5.1"]
[White "Saunders, Mark A"]
[Black "Forestie, Pierre"]
[Result "0-1"]
[WhiteElo "1860"]
[BlackElo "2020"]
[PlyCount "50"]
[EventDate "2006.??.??"]
[EventType "swiss"]
[EventRounds "7"]
[EventCountry "FRA"]
[WhiteTeamCountry "FRA"]
[BlackTeamCountry "FRA"]

1. e4 e5 2. f4 d5 3. exd5 exf4 4. Qe2+ Be7 5. Nc3 Nf6 6. d3 O-O 7. Bxf4 Bb4 8.
O-O-O Bxc3 9. bxc3 Qxd5 10. c4 Qa5 11. Kb1 Nc6 12. Qd2 Nb4 13. c3 Na6 14. Nf3
Bf5 15. Nd4 Bg6 16. Nb3 Qa4 17. Kb2 Rab8 18. Be5 Nd7 19. Bd4 c5 20. Bf2 b5 21.
cxb5 Rxb5 22. d4 c4 23. Ka1 Rfb8 24. d5 Rxb3 25. Bxc4 Rb2 0-1

[Event "2eme Open Tarn Nord"]
[Site "Blaye les Mines"]
[Date "2010.??.??"]
[Round "7.2"]
[White "Saunders, Mark A"]
[Black "Masot, Liberto"]
[Result "1/2-1/2"]
[WhiteElo "1860"]
[BlackElo "1728"]
[PlyCount "47"]
[EventDate "2006.??.??"]
[EventType "swiss"]
[EventRounds "7"]
[EventCountry "FRA"]
[WhiteTeamCountry "FRA"]
[BlackTeamCountry "FRA"]

1. e4 d5 2. exd5 Qxd5 3. Nc3 Qd6 4. d4 Nf6 5. Nb5 Qd8 6. Nf3 a6 7. Nc3 Qd6 8.
Be2 b5 9. O-O Nbd7 10. h3 Bb7 11. Bg5 e6 12. Qd2 b4 13. Na4 Be7 14. Bf4 Qc6 15.
b3 Ne4 16. Qd3 Bd6 17. Bxd6 Qxd6 18. Nd2 Nxd2 19. Qxd2 Rd8 20. Rad1 O-O 21. Nb2
Bd5 22. Bc4 Nb6 23. Bxd5 Nxd5 24. Na4 1/2-1/2

[Event "Championnat de Ligue Individuel"]
[Site "Vendin les Bethune"]
[Date "2010.??.??"]
[Round "4.6"]
[White "Sauvage, Thierry"]
[Black "Ait Chaouche, Samy"]
[Result "0-1"]
[WhiteElo "1400"]
[BlackElo "2019"]
[PlyCount "76"]
[EventDate "2008.??.??"]
[EventType "swiss"]
[EventRounds "7"]
[EventCountry "FRA"]
[WhiteTeamCountry "FRA"]
[BlackTeamCountry "FRA"]

1. e4 d6 2. Nf3 Nf6 3. Nc3 g6 4. d4 Bg7 5. Be3 O-O 6. Qd2 Ng4 7. h3 Nxe3 8.
Qxe3 c6 9. Bd3 b5 10. g4 Na6 11. a3 Bd7 12. Ne2 c5 13. c3 e5 14. d5 Qa5 15. Kf1
c4 16. Bc2 Nc5 17. Kg2 f5 18. b4 cxb3 19. Bd3 Nxd3 20. Qxd3 fxg4 21. Ng5 gxh3+
22. Nxh3 Rf6 23. f4 exf4 24. Nhxf4 Raf8 25. Qg3 Qa4 26. Qd3 Rxf4 27. Nxf4 Rxf4
28. Rhe1 Qc4 29. Qxc4 bxc4 30. Rac1 Bg4 31. Kg3 Be5 32. Kg2 Rf3 33. Rh1 Rd3 34.
Rh4 Rd2+ 35. Kf1 Rd1+ 36. Rxd1 Bxd1 37. Rh2 Bxc3 38. Rg2 Kg7 0-1

[Event "Championnat de Ligue Individuel"]
[Site "Vendin les Bethune"]
[Date "2010.??.??"]
[Round "1.12"]
[White "Sauvage, Thierry"]
[Black "Zerbib, Claude"]
[Result "0-1"]
[WhiteElo "1400"]
[BlackElo "1879"]
[PlyCount "62"]
[EventDate "2008.??.??"]
[EventType "swiss"]
[EventRounds "7"]
[EventCountry "FRA"]
[WhiteTeamCountry "FRA"]
[BlackTeamCountry "FRA"]

1. e4 c5 2. Nf3 e6 3. c3 d5 4. Qc2 Nc6 5. d3 Bd6 6. Nbd2 Qc7 7. g3 b6 8. Bg2 d4
9. O-O e5 10. a3 a5 11. Nh4 Nge7 12. Nf5 Nxf5 13. exf5 Bxf5 14. Nf3 c4 15. Re1
Bxd3 16. Qd2 O-O 17. cxd4 Rae8 18. d5 Nd4 19. Nxd4 exd4 20. Qd1 Rxe1+ 21. Qxe1
Qd7 22. Bd2 Re8 23. Qc1 a4 24. Bf4 b5 25. Bxd6 Qxd6 26. Bf3 h6 27. Qd2 Qe5 28.
Qb4 c3 29. bxc3 dxc3 30. Qc5 c2 31. Qc6 Qxa1+ 0-1

[Event "2eme Open Tarn Nord"]
[Site "Blaye les Mines"]
[Date "2010.??.??"]
[Round "5.2"]
[White "Schegerin, Andre"]
[Black "Arlabosse, Nicolas"]
[Result "0-1"]
[WhiteElo "1880"]
[BlackElo "1884"]
[PlyCount "86"]
[EventDate "2006.??.??"]
[EventType "swiss"]
[EventRounds "7"]
[EventCountry "FRA"]
[WhiteTeamCountry "FRA"]
[BlackTeamCountry "FRA"]

1. f4 c5 2. Nf3 Nc6 3. e3 g6 4. Bb5 Bg7 5. O-O e6 6. c4 Nf6 7. Nc3 O-O 8. d4
cxd4 9. exd4 d5 10. Ne5 Qb6 11. c5 Qc7 12. Qa4 Bd7 13. Bxc6 Bxc6 14. Nxc6 Qxc6
15. b4 a6 16. Rd1 Rfd8 17. Rb1 Ne4 18. Qxc6 bxc6 19. Nxe4 dxe4 20. Be3 Rd5 21.
Rd2 Rad8 22. Rbd1 Rb8 23. Rb1 Kf8 24. Kf2 Ke7 25. Ke2 h6 26. a3 g5 27. g3 Rbd8
28. Rbd1 Kd7 29. Bf2 f5 30. fxg5 hxg5 31. Be3 Bf6 32. Kf1 Ke7 33. Kf2 Rh8 34.
Kg2 Rdd8 35. Rh1 Rdg8 36. Kf2 e5 37. dxe5 Bxe5 38. Bd4 Rd8 39. Ke3 Bxg3 40.
Bxh8 Bf4+ 41. Ke2 Rxd2+ 42. Ke1 Rc2 43. Kd1 Rc1+ 0-1

[Event "2eme Open Tarn Nord"]
[Site "Blaye les Mines"]
[Date "2010.??.??"]
[Round "6.7"]
[White "Schegerin, Andre"]
[Black "Buiten, Herman"]
[Result "1-0"]
[WhiteElo "1880"]
[BlackElo "1740"]
[PlyCount "97"]
[EventDate "2006.??.??"]
[EventType "swiss"]
[EventRounds "7"]
[EventCountry "FRA"]
[WhiteTeamCountry "FRA"]
[BlackTeamCountry "FRA"]

1. f4 e6 2. Nf3 g6 3. e3 Bg7 4. c4 c6 5. d4 d5 6. Nc3 a6 7. b3 Nf6 8. Bd3 Nbd7
9. O-O O-O 10. h3 c5 11. Ne5 dxc4 12. bxc4 cxd4 13. exd4 Nb6 14. Be3 Nfd7 15.
Rb1 Qc7 16. Qb3 Rb8 17. a4 Nxe5 18. fxe5 Nd7 19. Rfc1 f6 20. exf6 Nxf6 21. d5
exd5 22. cxd5 Kh8 23. Ne2 Qd6 24. Bf4 Qxd5 25. Qxd5 Nxd5 26. Bxb8 Bh6 27. Rf1
Be3+ 28. Kh1 Bf5 29. Be5+ Kg8 30. Bxf5 gxf5 31. Rxb7 Bh6 32. Nf4 Nxf4 33. Bxf4
Bg7 34. Bg5 h6 35. Bh4 a5 36. Rb5 f4 37. Rxa5 Bc3 38. Ra6 Kg7 39. g3 f3 40. Rc6
Bd4 41. Rc4 Be3 42. g4 h5 43. Bf2 Bg5 44. h4 Bd2 45. g5 Kg6 46. Rd1 Ba5 47. Rd5
Be1 48. Rc6+ Kg7 49. Rd7+ 1-0

[Event "2eme Open Tarn Nord"]
[Site "Blaye les Mines"]
[Date "2010.??.??"]
[Round "3.6"]
[White "Schegerin, Andre"]
[Black "Valente, Alexandre"]
[Result "1/2-1/2"]
[WhiteElo "1880"]
[BlackElo "1700"]
[PlyCount "104"]
[EventDate "2006.??.??"]
[EventType "swiss"]
[EventRounds "7"]
[EventCountry "FRA"]
[WhiteTeamCountry "FRA"]
[BlackTeamCountry "FRA"]

1. f4 d5 2. Nf3 c5 3. e3 Nc6 4. Bb5 Qc7 5. d3 Bd7 6. Nbd2 a6 7. Bxc6 Bxc6 8.
Ne5 Nf6 9. O-O e6 10. Ndf3 Be7 11. b3 O-O 12. Nxc6 Qxc6 13. Ne5 Qc7 14. Qf3 Bd6
15. Bb2 Nd7 16. Nxd7 Qxd7 17. Qg4 f6 18. Rf3 b5 19. Re1 Rab8 20. e4 d4 21. Rh3
Be7 22. Qh5 h6 23. Rg3 Kh8 24. Qg6 Bd6 25. e5 fxe5 26. fxe5 Bc7 27. Ba3 b4 28.
Bc1 Qf7 29. Qxf7 Rxf7 30. Rg6 Re8 31. g3 Kh7 32. Rg4 Ref8 33. Rf4 g5 34. Rxf7+
Rxf7 35. g4 Bd8 36. a3 a5 37. axb4 axb4 38. Bd2 Ra7 39. Re2 Ra2 40. Be1 Kg6 41.
Kg2 Ra7 42. Bg3 Ra2 43. Kf3 Ra7 44. Ke4 Be7 45. Rf2 Ra2 46. Kf3 Ra8 47. Ke4 Rf8
48. Rxf8 Bxf8 49. h3 h5 50. Be1 hxg4 51. hxg4 Be7 52. Bd2 Kf7 1/2-1/2

[Event "Open International d'Ambès 2010"]
[Site "Ambes"]
[Date "2010.??.??"]
[Round "7.20"]
[White "Scheid, Gilles"]
[Black "Faure, Remi"]
[Result "1-0"]
[WhiteElo "1760"]
[BlackElo "1400"]
[PlyCount "61"]
[EventDate "2010.04.??"]
[EventType "swiss"]
[EventRounds "9"]
[EventCountry "FRA"]
[WhiteTeamCountry "FRA"]
[BlackTeamCountry "FRA"]

1. e4 e5 2. Nf3 Nc6 3. Bb5 Nf6 4. O-O a6 5. Ba4 b5 6. Bb3 Be7 7. Re1 O-O 8. c3
d6 9. h3 Na5 10. Bc2 c5 11. d3 Bb7 12. Nbd2 Nc6 13. Nf1 Nh5 14. Nxe5 dxe5 15.
Qxh5 Qd6 16. Ne3 Qg6 17. Qxg6 hxg6 18. Nd5 Bd6 19. f4 exf4 20. Bxf4 Bxf4 21.
Nxf4 Ne7 22. d4 cxd4 23. cxd4 Rad8 24. Rad1 Rfe8 25. d5 f5 26. d6 Nc6 27. d7
Re7 28. Nxg6 Rexd7 29. Rxd7 Rxd7 30. Bb3+ Rf7 31. exf5 1-0

[Event "Open International d'Ambès 2010"]
[Site "Ambes"]
[Date "2010.??.??"]
[Round "5.14"]
[White "Scheid, Gilles"]
[Black "Tholey, Jean Paul"]
[Result "1/2-1/2"]
[WhiteElo "1760"]
[BlackElo "1996"]
[PlyCount "97"]
[EventDate "2010.04.??"]
[EventType "swiss"]
[EventRounds "9"]
[EventCountry "FRA"]
[WhiteTeamCountry "FRA"]
[BlackTeamCountry "FRA"]

1. e4 c5 2. Nf3 a6 3. d4 cxd4 4. Nxd4 Nf6 5. Nc3 e5 6. Nf3 Bb4 7. Bc4 O-O 8.
Bg5 Qa5 9. O-O Bxc3 10. Bxf6 gxf6 11. bxc3 Qxc3 12. Bb3 Qc7 13. Qd2 d6 14. Qh6
Qe7 15. Nh4 Be6 16. Rad1 Nc6 17. Rd3 Kh8 18. Bxe6 Qxe6 19. Rxd6 Qg4 20. Qxf6+
Qg7 21. Qxg7+ Kxg7 22. Nf5+ Kg8 23. Rfd1 Rfd8 24. Rxd8+ Rxd8 25. Rxd8+ Nxd8 26.
Kf1 Kf8 27. Ke2 Ke8 28. g3 Kd7 29. f4 f6 30. fxe5 fxe5 31. h4 Ne6 32. Ke3 Kc6
33. Nh6 Kc5 34. Nf7 Kc4 35. g4 Kc3 36. g5 Kxc2 37. h5 Kb2 38. g6 hxg6 39. h6
Nf8 40. Nxe5 Kxa2 41. Nxg6 Nxg6 42. h7 b5 43. e5 b4 44. e6 b3 45. e7 b2 46.
e8=Q b1=Q 47. Qa4+ Kb2 48. Qb4+ Ka2 49. Qa4+ 1/2-1/2

[Event "LUCOPEN 01st Op"]
[Site "Lille"]
[Date "2010.??.??"]
[Round "4.21"]
[White "Sobry, Sebastien"]
[Black "Debevere, Francois Xavier"]
[Result "1-0"]
[WhiteElo "2067"]
[BlackElo "1729"]
[PlyCount "33"]
[EventDate "2010.04.??"]
[EventType "swiss"]
[EventRounds "7"]
[EventCountry "FRA"]
[WhiteTeamCountry "FRA"]
[BlackTeamCountry "FRA"]

1. e4 e5 2. Nf3 Nc6 3. Bb5 Nd4 4. Nxd4 exd4 5. d3 a6 6. Bc4 b5 7. Bb3 Bb7 8.
O-O g6 9. Nd2 Bg7 10. f4 Nh6 11. Nf3 Qe7 12. Kh1 O-O 13. f5 c5 14. Bg5 Qd6 15.
f6 Bxe4 16. fxg7 Kxg7 17. Bxh6+ 1-0

[Event "Championnat de Ligue Individuel"]
[Site "Vendin les Bethune"]
[Date "2010.??.??"]
[Round "7.2"]
[White "Soyez, Cyril"]
[Black "Manet, Eric"]
[Result "1-0"]
[WhiteElo "2244"]
[BlackElo "2015"]
[PlyCount "135"]
[EventDate "2008.??.??"]
[EventType "swiss"]
[EventRounds "7"]
[EventCountry "FRA"]
[WhiteTeamCountry "FRA"]
[BlackTeamCountry "FRA"]

1. c4 Nf6 2. g3 g6 3. Bg2 Bg7 4. Nc3 O-O 5. Nf3 d6 6. Rb1 c5 7. a3 Nc6 8. b4
Nd7 9. O-O cxb4 10. axb4 Nce5 11. Nxe5 Nxe5 12. Qb3 Be6 13. Nd5 Rc8 14. d3 Nc6
15. Nf4 Bd7 16. b5 Na5 17. Qa2 Rb8 18. b6 axb6 19. Be3 Nc6 20. Rxb6 e6 21. Rfb1
Qc7 22. Qb3 Nd8 23. Qb4 Nc6 24. Rxb7 Rxb7 25. Qxb7 Rc8 26. Qxc7 Rxc7 27. h4 Rc8
28. Rb7 Be8 29. Bb6 Nd4 30. e3 Nc6 31. Rc7 Rxc7 32. Bxc7 Bf8 33. Kf1 Kg7 34.
Ke2 Kf6 35. d4 Ke7 36. Nd3 Kd7 37. Bb6 Kc8 38. c5 dxc5 39. Bxc5 Bg7 40. Nb4
Nxb4 41. Bxb4 Kc7 42. Bc5 Bb5+ 43. Kd2 Bf6 44. e4 Kd7 45. Ke3 Bd8 46. d5 exd5
47. exd5 Ba5 48. Bh3+ f5 49. g4 fxg4 50. Bxg4+ Ke8 51. h5 gxh5 52. Bxh5+ Kd7
53. f4 Ba4 54. f5 Bb3 55. Bf7 Bd8 56. Be6+ Ke8 57. d6 Bg5+ 58. Kf3 Bd1+ 59. Kg3
Ba4 60. Kg4 Bd2 61. f6 Bd7 62. f7+ Kf8 63. Bxd7 Kxf7 64. Bf5 Ba5 65. Bxh7 Kf6
66. Bf5 Ke5 67. d7 Bd8 68. Bf2 1-0

[Event "Championnat de Ligue Individuel"]
[Site "Vendin les Bethune"]
[Date "2010.??.??"]
[Round "3.3"]
[White "Soyez, Cyril"]
[Black "Zerbib, Claude"]
[Result "1-0"]
[WhiteElo "2244"]
[BlackElo "1879"]
[PlyCount "51"]
[EventDate "2008.??.??"]
[EventType "swiss"]
[EventRounds "7"]
[EventCountry "FRA"]
[WhiteTeamCountry "FRA"]
[BlackTeamCountry "FRA"]

1. c4 c5 2. Nc3 g6 3. g3 Bg7 4. Nf3 Nc6 5. Bg2 d6 6. O-O Nh6 7. Rb1 Rb8 8. a3
O-O 9. b4 b6 10. b5 Na5 11. d3 Bxc3 12. Bxh6 Bg7 13. Bxg7 Kxg7 14. h4 h5 15.
Ng5 f6 16. Ne4 Bb7 17. Nc3 Bxg2 18. Kxg2 Qd7 19. e4 Nb7 20. f4 f5 21. d4 cxd4
22. Qxd4+ Kh6 23. Rfe1 Rbc8 24. Nd5 Rc5 25. exf5 Qxf5 26. Rxe7 1-0

[Event "LUCOPEN 01st Op"]
[Site "Lille"]
[Date "2010.??.??"]
[Round "2.11"]
[White "Suarez Pousa, Diego"]
[Black "Fontaine, Pierre"]
[Result "1-0"]
[WhiteElo "2419"]
[BlackElo "2068"]
[PlyCount "101"]
[EventDate "2010.04.??"]
[EventType "swiss"]
[EventRounds "7"]
[EventCountry "FRA"]
[WhiteTeamCountry "FRA"]
[BlackTeamCountry "FRA"]

1. e4 c6 2. d4 d5 3. e5 Bf5 4. h4 h5 5. c4 e6 6. Nc3 dxc4 7. Bxc4 Nd7 8. Nge2
Nb6 9. Bb3 Qd7 10. a4 Nd5 11. Nxd5 exd5 12. Ng3 Bg4 13. f3 Be6 14. Bg5 f6 15.
Bf4 O-O-O 16. Kf2 fxe5 17. Bxe5 Bd6 18. Re1 Nf6 19. Bc2 Qf7 20. Bxd6 Rxd6 21.
Qd2 Nh7 22. Re5 g6 23. Qh6 Rg8 24. Rae1 Nf8 25. Qg5 Nh7 26. Qe3 Re8 27. Qh6 Nf8
28. b4 Kc7 29. R1e3 Bd7 30. Ne2 Rf6 31. Qg5 Ne6 32. Qg3 Kc8 33. b5 Ng7 34. Rc3
Nf5 35. Bxf5 Bxf5 36. a5 Rfe6 37. a6 Rxe5 38. dxe5 Qc7 39. axb7+ Kxb7 40. bxc6+
Kc8 41. f4 Qb6+ 42. Qe3 Kc7 43. Qxb6+ axb6 44. Nd4 Ra8 45. Nb5+ Kd8 46. Ke3 Bc8
47. Kd4 Ra5 48. c7+ Kd7 49. Nd6 b5 50. Nxc8 Kxc8 51. e6 1-0